Statistics for Disney Songs

Click here to take the quiz!

General Stats

  • This quiz has been taken 3,019 times
    (2,739 since last reset)
  • The average score is 8 of 11

Answer Stats

HintAnswer% Correct
Bibbidi-Bobbidi-BooCinderella
95%
I Just Can't Wait to be KingLion King
95%
The Bare NecessitiesJungle Book
93%
Heigh-HoSnow White
93%
I'll Make a Man Out of YouMulan
92%
Kiss the GirlLittle Mermaid
88%
Hawaiian Rollercoaster RideLilo and Stitch
78%
Something ThereBeauty and the Beast
56%
On My WayBrother Bear
36%
If I Didn't Have YouMonsters Inc.
31%
Real GoneCars
24%

Score Distribution

Percentile by Number Answered

Percent of People with Each Score

Your Score History

You have not taken this quiz since the last reset